[Event "European School Championships"]
[Site "Rhodes, Greece"]
[Date "2022.04.29"]
[Round "9.4"]
[White "Hasanli, Ziya"]
[Black "Tabatadze, Erekle"]
[Result "0-1"]
[WhiteElo "1555"]
[BlackElo "1557"]
[PlyCount "72"]
[EventDate "2022.04.21"]
[EventRounds "9"]

1. d4 {[%emt 0:00:02]} Nf6 {[%emt 0:00:07]} 2. c4 {[%emt 0:00:08]} e6 {[%emt 0:
00:12]} 3. Nc3 {[%emt 0:00:06]} Bb4 {[%emt 0:00:05]} 4. e3 {[%emt 0:00:10]} b6
{[%emt 0:00:11]} 5. Bd3 {[%emt 0:00:46]} Bb7 {[%emt 0:00:07]} 6. Nf3 {[%emt 0:
00:14]} O-O {[%emt 0:00:20]} 7. O-O {[%emt 0:00:22]} d5 {[%emt 0:00:28]} 8. a3
{[%emt 0:03:16]} Bd6 {[%emt 0:02:25]} 9. Nd2 {[%emt 0:11:26]} Nbd7 {[%emt 0:03:
14]} 10. b3 {[%emt 0:11:36]} c5 {[%emt 0:06:16]} 11. Bb2 {[%emt 0:01:08]} cxd4
{[%emt 0:04:42]} 12. exd4 {[%emt 0:00:15]} Rc8 {[%emt 0:06:04]} 13. Re1 {
[%emt 0:02:41]} Bc6 {[%emt 0:05:54]} 14. Nf3 {[%emt 0:16:37]} dxc4 {[%emt 0:15:
49]} 15. Bxc4 {[%emt 0:03:16]} Nd5 {[%emt 0:05:28]} 16. Nxd5 {[%emt 0:04:37]}
Bxd5 {[%emt 0:00:54]} 17. Bxd5 {[%emt 0:02:25]} exd5 {[%emt 0:00:24]} 18. Rc1 {
[%emt 0:01:23]} Nf6 {[%emt 0:04:36]} 19. Ne5 {[%emt 0:04:27]} Bxe5 {[%emt 0:03:
58]} 20. dxe5 {[%emt 0:00:32]} Rxc1 {[%emt 0:00:06]} 21. Bxc1 {[%emt 0:00:34]}
Ne4 {[%emt 0:10:11]} 22. f3 {[%emt 0:05:13]} Nc5 {[%emt 0:01:01]} 23. b4 {
[%emt 0:10:15]} Ne6 {[%emt 0:02:07]} 24. Qd3 {[%emt 0:00:32]} Qh4 {[%emt 0:03:
37]} 25. g3 {[%emt 0:10:14]} Qc4 {[%emt 0:01:11]} 26. Rd1 {[%emt 0:01:26]} Rc8
{[%emt 0:02:23]} 27. Be3 {[%emt 0:01:43]} d4 {[%emt 0:03:58]} 28. Bf2 {[%emt 0:
00:16]} Qxd3 {[%emt 0:00:43]} 29. Rxd3 {[%emt 0:00:01]} Rc3 {[%emt 0:01:24]}
30. Rd1 {[%emt 0:06:14]} Rxf3 {[%emt 0:00:25]} 31. a4 {[%emt 0:00:59]} Rb3 {
[%emt 0:00:32]} 32. b5 {[%emt 0:00:44]} Rb4 {[%emt 0:00:27]} 33. a5 {[%emt 0:
00:38]} bxa5 {[%emt 0:00:20]} 34. Rc1 {[%emt 0:00:48]} h6 {[%emt 0:00:26]} 35.
Rc8+ {[%emt 0:00:05]} Kh7 {[%emt 0:00:06]} 36. Ra8 {[%emt 0:00:07]} d3 {
[%emt 0:00:16]} 0-1

[Event "European School Championships"]
[Site "Rhodes, Greece"]
[Date "2022.04.29"]
[Round "9.5"]
[White "Deliezos, Anastasios"]
[Black "Gurer, Oguz Kagan"]
[Result "0-1"]
[WhiteElo "1228"]
[BlackElo "1690"]
[PlyCount "68"]
[EventDate "2022.04.21"]
[EventRounds "9"]

1. d4 {[%emt 0:00:02]} Nf6 {[%emt 0:00:06]} 2. c4 {[%emt 0:00:26]} e6 {[%emt 0:
00:05]} 3. Nf3 {[%emt 0:00:31]} b6 {[%emt 0:00:07]} 4. Bf4 {[%emt 0:00:58]} Bb7
{[%emt 0:00:11]} 5. e3 {[%emt 0:00:44]} Be7 {[%emt 0:00:24]} 6. Be2 {[%emt 0:
04:31]} O-O {[%emt 0:01:04]} 7. O-O {[%emt 0:01:43]} Nh5 {[%emt 0:01:04]} 8.
Bg3 {[%emt 0:01:52]} Nxg3 {[%emt 0:00:13]} 9. hxg3 {[%emt 0:00:30]} d6 {
[%emt 0:01:01]} 10. Nc3 {[%emt 0:01:46]} f5 {[%emt 0:01:21]} 11. Qc2 {[%emt 0:
05:45]} Nd7 {[%emt 0:03:08]} 12. Rad1 {[%emt 0:01:54]} Nf6 {[%emt 0:07:52]} 13.
Bd3 {[%emt 0:07:50]} Ng4 {[%emt 0:06:33]} 14. d5 {[%emt 0:06:18]} Qe8 {[%emt 0:
06:16]} 15. Nh2 {[%emt 0:15:21]} Nxh2 {[%emt 0:02:00]} 16. Kxh2 {[%emt 0:00:13]
} Qh5+ {[%emt 0:00:12]} 17. Kg1 {[%emt 0:00:18]} e5 {[%emt 0:03:04]} 18. Qe2 {
[%emt 0:04:15]} Qg5 {[%emt 0:01:38]} 19. b4 {[%emt 0:05:49]} Rf6 {[%emt 0:02:
22]} 20. f4 {[%emt 0:04:32]} Qxg3 {[%emt 0:01:41]} 21. fxe5 {[%emt 0:01:10]}
Qxe5 {[%emt 0:00:55]} 22. Nb5 {[%emt 0:01:27]} c6 {[%emt 0:05:30]} 23. dxc6 {
[%emt 0:02:05]} Bxc6 {[%emt 0:00:25]} 24. Nc7 {[%emt 0:00:21]} Rc8 {[%emt 0:01:
28]} 25. Nd5 {[%emt 0:00:38]} Bxd5 {[%emt 0:01:30]} 26. cxd5 {[%emt 0:00:11]}
Rff8 {[%emt 0:01:51]} 27. Rc1 {[%emt 0:02:42]} g6 {[%emt 0:03:37]} 28. Rc6 {
[%emt 0:01:53]} Rxc6 {[%emt 0:08:45]} 29. dxc6 {[%emt 0:00:09]} d5 {[%emt 0:00:
10]} 30. b5 {[%emt 0:04:16]} Bc5 {[%emt 0:01:41]} 31. Rf3 {[%emt 0:02:13]} Re8
{[%emt 0:01:26]} 32. Kf2 {[%emt 0:01:30]} f4 {[%emt 0:00:36]} 33. Kf1 {[%emt 0:
04:01]} Bxe3 {[%emt 0:01:37]} 34. Qd1 {[%emt 0:00:59]} Qh5 {[%emt 0:05:53]} 0-1

[Event "European School Championships"]
[Site "Rhodes, Greece"]
[Date "2022.04.29"]
[Round "9.6"]
[White "Sakmak, Kutay"]
[Black "Tsimplis, Panagiotis"]
[Result "1-0"]
[WhiteElo "1718"]
[BlackElo "1045"]
[PlyCount "81"]
[EventDate "2022.04.21"]
[EventRounds "9"]

1. e4 {[%emt 0:00:02]} d5 {[%emt 0:01:07]} 2. exd5 {[%emt 0:00:08]} Qxd5 {
[%emt 0:00:04]} 3. Nf3 {[%emt 0:00:05]} Nf6 {[%emt 0:01:17]} 4. d4 {[%emt 0:00:
04]} Bg4 {[%emt 0:01:18]} 5. Be2 {[%emt 0:00:06]} Nc6 {[%emt 0:01:33]} 6. O-O {
[%emt 0:00:31]} O-O-O {[%emt 0:00:22]} 7. c4 {[%emt 0:00:13]} Qd7 {[%emt 0:05:
04]} 8. d5 {[%emt 0:00:44]} Nb4 {[%emt 0:01:31]} 9. a3 {[%emt 0:00:37]} Na6 {
[%emt 0:01:13]} 10. Qd4 {[%emt 0:02:57]} b6 {[%emt 0:03:24]} 11. Ne5 {[%emt 0:
01:19]} Qf5 {[%emt 0:07:47]} 12. Bxg4 {[%emt 0:00:21]} Nxg4 {[%emt 0:00:57]}
13. Qxg4 {[%emt 0:00:05]} Qxg4 {[%emt 0:01:03]} 14. Nxg4 {[%emt 0:00:05]} Rd6 {
[%emt 0:03:58]} 15. Bf4 {[%emt 0:00:24]} Rg6 {[%emt 0:00:48]} 16. Ne5 {[%emt 0:
00:07]} Rf6 {[%emt 0:02:20]} 17. Bg3 {[%emt 0:00:21]} g6 {[%emt 0:03:59]} 18.
Nd2 {[%emt 0:00:13]} Bg7 {[%emt 0:00:52]} 19. Nc6 {[%emt 0:00:47]} Rf5 {
[%emt 0:08:58]} 20. Nxe7+ {[%emt 0:00:08]} Kb8 {[%emt 0:05:08]} 21. Nxf5 {
[%emt 0:00:26]} gxf5 {[%emt 0:00:02]} 22. Rae1 {[%emt 0:00:31]} Bxb2 {[%emt 0:
00:47]} 23. Be5 {[%emt 0:00:05]} Bxe5 {[%emt 0:00:44]} 24. Rxe5 {[%emt 0:00:04]
} f4 {[%emt 0:01:42]} 25. Rfe1 {[%emt 0:01:12]} Nc5 {[%emt 0:02:03]} 26. Re8+ {
[%emt 0:00:20]} Rxe8 {[%emt 0:00:55]} 27. Rxe8+ {[%emt 0:00:05]} Kb7 {[%emt 0:
00:08]} 28. Ne4 {[%emt 0:00:09]} Nd3 {[%emt 0:01:03]} 29. Re7 {[%emt 0:00:08]}
h5 {[%emt 0:01:15]} 30. d6 {[%emt 0:01:26]} Kc8 31. Rxc7+ {[%emt 0:00:28]} Kd8
{[%emt 0:00:42]} 32. Ng5 {[%emt 0:00:09]} Nc5 {[%emt 0:00:31]} 33. Nxf7+ {
[%emt 0:00:09]} Ke8 {[%emt 0:00:14]} 34. Ne5 {[%emt 0:00:05]} Kd8 {[%emt 0:00:
33]} 35. Nc6+ {[%emt 0:00:09]} Ke8 {[%emt 0:00:27]} 36. Re7+ {[%emt 0:00:06]}
Kf8 {[%emt 0:00:25]} 37. d7 {[%emt 0:00:04]} Nb7 {[%emt 0:00:35]} 38. Re8+ {
[%emt 0:00:07]} Kf7 {[%emt 0:00:51]} 39. Rb8 Nc5 {[%emt 0:01:15]} 40. d8=Q {
[%emt 0:00:33]} Ke6 {[%emt 0:00:05]} 41. Qd5+ {[%emt 0:00:06]} 1-0

[Event "European School Championships"]
[Site "Rhodes, Greece"]
[Date "2022.04.21"]
[Round "1.1"]
[White "Taladianos, Ioannis"]
[Black "Tarhan, Adar"]
[Result "0-1"]
[WhiteElo "1368"]
[BlackElo "2314"]
[PlyCount "70"]
[EventDate "2022.04.21"]
[EventRounds "9"]

1. e4 {[%emt 0:00:03]} e5 {[%emt 0:00:11]} 2. Nf3 {[%emt 0:00:08]} Nc6 {
[%emt 0:00:07]} 3. Bc4 {[%emt 0:00:05]} Bc5 {[%emt 0:00:10]} 4. d3 {[%emt 0:00:
31]} d6 {[%emt 0:00:16]} 5. h3 {[%emt 0:00:46]} Nf6 {[%emt 0:00:09]} 6. Bg5 {
[%emt 0:00:46]} h6 {[%emt 0:00:12]} 7. Bh4 {[%emt 0:00:30]} Be6 {[%emt 0:01:36]
} 8. Bb3 {[%emt 0:01:48]} g5 {[%emt 0:01:36]} 9. Bg3 {[%emt 0:00:47]} Nh5 {
[%emt 0:01:07]} 10. Bh2 {[%emt 0:00:37]} Qf6 11. Bxe6 {[%emt 0:01:08]} fxe6 {
[%emt 0:00:13]} 12. Nc3 {[%emt 0:00:17]} a6 {[%emt 0:01:07]} 13. Qd2 {[%emt 0:
00:56]} O-O-O {[%emt 0:02:26]} 14. O-O-O {[%emt 0:01:33]} Rhg8 {[%emt 0:00:39]}
15. Na4 {[%emt 0:00:50]} Ba7 {[%emt 0:03:49]} 16. Rhf1 {[%emt 0:03:06]} Nf4 {
[%emt 0:01:25]} 17. Bxf4 {[%emt 0:00:06]} gxf4 {[%emt 0:00:10]} 18. Rg1 {
[%emt 0:00:57]} Rg7 {[%emt 0:01:19]} 19. Nh2 {[%emt 0:00:44]} Qh4 {[%emt 0:00:
23]} 20. Rdf1 {[%emt 0:01:17]} Rdg8 {[%emt 0:00:09]} 21. Nf3 {[%emt 0:06:01]}
Qh5 {[%emt 0:01:42]} 22. Ne1 {[%emt 0:00:07]} Nd4 {[%emt 0:00:57]} 23. Nc3 {
[%emt 0:00:43]} f3 {[%emt 0:04:55]} 24. g3 {[%emt 0:02:49]} Ne2+ {[%emt 0:00:
15]} 25. Nxe2 {[%emt 0:00:25]} fxe2 {[%emt 0:00:44]} 26. g4 {[%emt 0:00:04]}
exf1=Q {[%emt 0:00:09]} 27. Rxf1 {[%emt 0:00:09]} Qxh3 {[%emt 0:00:10]} 28. Qe2
{[%emt 0:00:55]} Rg6 {[%emt 0:00:06]} 29. g5 Rxg5 30. f3 {[%emt 0:01:43]} Rg1 {
[%emt 0:00:15]} 31. Rxg1 {[%emt 0:00:18]} Rxg1 {[%emt 0:00:22]} 32. b3 {
[%emt 0:00:08]} Qg3 {[%emt 0:00:40]} 33. Kd2 {[%emt 0:00:17]} Bf2 {[%emt 0:00:
08]} 34. f4 {[%emt 0:00:50]} Bxe1+ {[%emt 0:00:08]} 35. Kc1 {[%emt 0:00:18]}
Bc3+ {[%emt 0:00:04]} 0-1

[Event "European School Championships"]
[Site "Rhodes, Greece"]
[Date "2022.04.21"]
[Round "1.2"]
[White "Andreev, Konstantin"]
[Black "Shtavica, Alaudin"]
[Result "1-0"]
[WhiteElo "2176"]
[BlackElo "1348"]
[PlyCount "67"]
[EventDate "2022.04.21"]
[EventRounds "9"]

1. e4 {[%emt 0:00:03]} e6 {[%emt 0:00:16]} 2. d4 {[%emt 0:00:07]} d5 {[%emt 0:
01:17]} 3. Nc3 {[%emt 0:00:19]} Nf6 {[%emt 0:01:32]} 4. e5 {[%emt 0:00:13]}
Nfd7 {[%emt 0:01:29]} 5. f4 {[%emt 0:00:27]} c5 {[%emt 0:01:38]} 6. Nf3 {
[%emt 0:00:15]} a6 {[%emt 0:02:58]} 7. Be3 {[%emt 0:01:36]} Nc6 {[%emt 0:04:26]
} 8. Qd2 {[%emt 0:00:41]} c4 {[%emt 0:02:04]} 9. a3 {[%emt 0:03:58]} b5 {
[%emt 0:02:01]} 10. Be2 {[%emt 0:03:29]} Be7 {[%emt 0:02:45]} 11. O-O {[%emt 0:
00:32]} O-O {[%emt 0:01:56]} 12. Kh1 {[%emt 0:00:36]} f6 {[%emt 0:03:04]} 13.
g4 {[%emt 0:08:09]} b4 {[%emt 0:06:42]} 14. axb4 {[%emt 0:00:48]} Bxb4 {
[%emt 0:00:10]} 15. Qe1 {[%emt 0:04:22]} Ne7 {[%emt 0:03:44]} 16. Qg3 {[%emt 0:
00:44]} f5 {[%emt 0:03:45]} 17. Nh4 {[%emt 0:06:27]} Kh8 {[%emt 0:05:59]} 18.
Rg1 {[%emt 0:01:44]} g6 {[%emt 0:08:24]} 19. Qh3 {[%emt 0:12:44]} Kg7 {[%emt 0:
03:52]} 20. gxf5 {[%emt 0:06:45]} exf5 {[%emt 0:01:02]} 21. Rg5 {[%emt 0:00:57]
} Bxc3 {[%emt 0:07:30]} 22. bxc3 {[%emt 0:02:56]} a5 {[%emt 0:01:33]} 23. Bc1 {
[%emt 0:00:09]} Nb8 {[%emt 0:04:32]} 24. Ba3 {[%emt 0:00:25]} Nbc6 {[%emt 0:00:
10]} 25. Rag1 {[%emt 0:01:06]} Be6 {[%emt 0:04:46]} 26. Bh5 {[%emt 0:01:08]}
Bf7 {[%emt 0:06:40]} 27. Nxf5+ {[%emt 0:02:37]} Nxf5 {[%emt 0:04:00]} 28. Qxf5
{[%emt 0:03:06]} Kh8 {[%emt 0:01:03]} 29. Qh3 {[%emt 0:00:12]} gxh5 {[%emt 0:
02:40]} 30. Bxf8 {[%emt 0:02:59]} Qxf8 {[%emt 0:00:10]} 31. e6 {[%emt 0:00:22]}
Be8 {[%emt 0:08:50]} 32. f5 {[%emt 0:01:06]} a4 {[%emt 0:00:20]} 33. Qg3 {
[%emt 0:00:33]} Ne7 {[%emt 0:01:03]} 34. Qe5+ {[%emt 0:00:10]} 1-0

[Event "European School Championships"]
[Site "Rhodes, Greece"]
[Date "2022.04.21"]
[Round "1.3"]
[White "Moutaftsis, Efstratios"]
[Black "Kostov, Kiril"]
[Result "0-1"]
[WhiteElo "1079"]
[BlackElo "2056"]
[PlyCount "72"]
[EventDate "2022.04.21"]
[EventRounds "9"]

1. e4 {[%emt 0:00:02]} c5 {[%emt 0:00:06]} 2. Nf3 {[%emt 0:00:07]} d6 {[%emt 0:
00:05]} 3. d4 {[%emt 0:00:24]} cxd4 {[%emt 0:00:09]} 4. Nxd4 {[%emt 0:00:35]}
Nf6 {[%emt 0:00:04]} 5. Nc3 {[%emt 0:00:53]} a6 {[%emt 0:00:23]} 6. Be3 {
[%emt 0:01:49]} e6 {[%emt 0:00:48]} 7. a3 {[%emt 0:05:41]} b5 {[%emt 0:01:25]}
8. Be2 {[%emt 0:03:22]} Nbd7 {[%emt 0:04:10]} 9. Nb3 {[%emt 0:05:48]} Bb7 {
[%emt 0:03:58]} 10. Bf3 {[%emt 0:02:32]} Qc7 {[%emt 0:07:15]} 11. Bf4 {[%emt 0:
09:55]} Be7 {[%emt 0:02:59]} 12. Qd2 {[%emt 0:05:18]} O-O {[%emt 0:02:23]} 13.
O-O-O {[%emt 0:03:09]} Ne5 {[%emt 0:01:17]} 14. Bg3 {[%emt 0:10:14]} Rac8 {
[%emt 0:04:45]} 15. Kb1 {[%emt 0:05:30]} Nc4 {[%emt 0:09:33]} 16. Qd3 {[%emt 0:
03:29]} Nd7 {[%emt 0:04:10]} 17. Rhe1 {[%emt 0:06:03]} Nde5 {[%emt 0:02:14]}
18. Bxe5 {[%emt 0:06:19]} Nxe5 {[%emt 0:05:09]} 19. Qd4 {[%emt 0:03:50]} Nc4 {
[%emt 0:02:06]} 20. Qd3 {[%emt 0:08:30]} Bf6 {[%emt 0:07:00]} 21. Nd4 {[%emt 0:
03:50]} Nxa3+ {[%emt 0:03:48]} 22. bxa3 {[%emt 0:01:25]} Qxc3 {[%emt 0:00:09]}
23. Qxc3 {[%emt 0:00:27]} Rxc3 {[%emt 0:00:07]} 24. Kb2 {[%emt 0:01:05]} Rfc8 {
[%emt 0:00:24]} 25. Re2 {[%emt 0:00:57]} R3c4 {[%emt 0:02:05]} 26. Red2 {
[%emt 0:02:39]} d5 {[%emt 0:03:39]} 27. exd5 {[%emt 0:01:18]} exd5 {[%emt 0:05:
06]} 28. Rd3 {[%emt 0:01:58]} Bxd4+ {[%emt 0:00:45]} 29. Rxd4 {[%emt 0:00:39]}
Rxc2+ {[%emt 0:00:22]} 30. Kb1 {[%emt 0:00:30]} Rxf2 {[%emt 0:01:15]} 31. Bxd5
{[%emt 0:02:20]} Bxd5 {[%emt 0:00:06]} 32. Rxd5 {[%emt 0:00:09]} g6 {[%emt 0:
00:13]} 33. Rg5 {[%emt 0:00:52]} Rcc2 {[%emt 0:01:20]} 34. Rg1 {[%emt 0:00:19]}
Rb2+ {[%emt 0:00:06]} 35. Kc1 {[%emt 0:00:13]} Ra2 {[%emt 0:00:06]} 36. Rg3 {
[%emt 0:00:34]} Ra1# {[%emt 0:00:05]} 0-1

[Event "European School Championships"]
[Site "Rhodes, Greece"]
[Date "2022.04.22"]
[Round "2.1"]
[White "Tarhan, Adar"]
[Black "Kovalskyi, Roman"]
[Result "1/2-1/2"]
[WhiteElo "2314"]
[BlackElo "1849"]
[PlyCount "86"]
[EventDate "2022.04.21"]
[EventRounds "9"]

1. e4 c5 {[%emt 0:00:08]} 2. Nf3 g6 {[%emt 0:00:08]} 3. d4 {[%emt 0:00:05]}
cxd4 {[%emt 0:00:03]} 4. Nxd4 Nc6 5. c4 Nf6 6. Nc3 d6 7. Be2 Nxd4 {[%emt 0:00:
53]} 8. Qxd4 Bg7 {[%emt 0:00:09]} 9. Be3 O-O {[%emt 0:00:21]} 10. Qd2 a5 {
[%emt 0:01:48]} 11. O-O a4 {[%emt 0:00:37]} 12. f3 Be6 13. Rac1 Qa5 14. Rfd1
Rfc8 15. Nb5 Qxd2 16. Rxd2 Nd7 {[%emt 0:12:51]} 17. Nd4 {[%emt 0:01:25]} Nc5 {
[%emt 0:03:14]} 18. Nxe6 {[%emt 0:01:28]} fxe6 {[%emt 0:13:20]} 19. Rcc2 {
[%emt 0:02:06]} Na6 {[%emt 0:12:34]} 20. a3 {[%emt 0:00:52]} Nc5 {[%emt 0:01:
37]} 21. Kf2 {[%emt 0:02:06]} Rc7 {[%emt 0:19:00]} 22. Bxc5 {[%emt 0:06:03]}
Rxc5 {[%emt 0:04:19]} 23. Rd3 {[%emt 0:00:51]} b5 {[%emt 0:06:16]} 24. b3 {
[%emt 0:00:49]} axb3 {[%emt 0:00:33]} 25. Rxb3 {[%emt 0:00:01]} Rac8 {[%emt 0:
00:09]} 26. a4 {[%emt 0:04:26]} bxc4 {[%emt 0:02:17]} 27. Rb7 {[%emt 0:03:01]}
Kf7 {[%emt 0:03:44]} 28. f4 {[%emt 0:02:54]} Bd4+ {[%emt 0:02:25]} 29. Kf3 {
[%emt 0:01:44]} d5 {[%emt 0:00:47]} 30. Rd2 {[%emt 0:01:10]} Bc3 {[%emt 0:10:
55]} 31. Rc2 {[%emt 0:00:15]} Ba5 {[%emt 0:00:10]} 32. g4 {[%emt 0:02:10]} d4 {
[%emt 0:01:00]} 33. Rb5 {[%emt 0:00:04]} Bc3 {[%emt 0:13:27]} 34. Rxc5 {
[%emt 0:03:23]} Rxc5 {[%emt 0:00:01]} 35. a5 {[%emt 0:00:06]} Rxa5 {[%emt 0:00:
10]} 36. Bxc4 {[%emt 0:00:04]} Ra4 {[%emt 0:00:05]} 37. Bd3 {[%emt 0:01:56]}
Ra1 {[%emt 0:00:07]} 38. Bc4 {[%emt 0:02:53]} Ra4 {[%emt 0:00:05]} 39. Bd3 {
[%emt 0:00:26]} Ra3 {[%emt 0:00:11]} 40. e5 {[%emt 0:00:51]} Ra1 {[%emt 0:00:
55]} 41. Bc4 {[%emt 0:01:37]} Ra4 {[%emt 0:05:25]} 42. Bd3 {[%emt 0:00:51]} Ra1
{[%emt 0:00:06]} 43. Bc4 {[%emt 0:00:06]} Ra4 {[%emt 0:00:04]} 1/2-1/2

[Event "European School Championships"]
[Site "Rhodes, Greece"]
[Date "2022.04.22"]
[Round "2.2"]
[White "Portakalci, Yusuf"]
[Black "Andreev, Konstantin"]
[Result "1/2-1/2"]
[WhiteElo "1805"]
[BlackElo "2176"]
[PlyCount "117"]
[EventDate "2022.04.21"]
[EventRounds "9"]

1. c4 {[%emt 0:00:04]} e5 {[%emt 0:00:52]} 2. Nc3 {[%emt 0:00:46]} Nf6 {
[%emt 0:00:26]} 3. Nf3 {[%emt 0:03:02]} Nc6 {[%emt 0:01:05]} 4. g3 {[%emt 0:05:
01]} d5 {[%emt 0:00:14]} 5. cxd5 {[%emt 0:01:38]} Nxd5 {[%emt 0:00:05]} 6. d3 {
[%emt 0:02:09]} Nb6 7. Bg2 {[%emt 0:01:05]} Be7 {[%emt 0:01:14]} 8. a3 {
[%emt 0:01:19]} Be6 {[%emt 0:00:28]} 9. O-O {[%emt 0:02:34]} O-O {[%emt 0:01:
04]} 10. b4 {[%emt 0:05:01]} f6 {[%emt 0:04:39]} 11. Bb2 {[%emt 0:04:46]} Qd7 {
[%emt 0:01:38]} 12. Rc1 {[%emt 0:01:28]} Rfe8 {[%emt 0:32:49]} 13. Ne4 {
[%emt 0:14:14]} Rad8 {[%emt 0:01:09]} 14. Qc2 {[%emt 0:03:53]} a6 {[%emt 0:08:
30]} 15. Rfd1 {[%emt 0:04:00]} Qc8 {[%emt 0:10:25]} 16. Ba1 {[%emt 0:10:25]}
Nd7 {[%emt 0:06:24]} 17. d4 {[%emt 0:07:40]} exd4 {[%emt 0:04:24]} 18. Nxd4 {
[%emt 0:00:26]} Nxd4 {[%emt 0:00:32]} 19. Bxd4 {[%emt 0:00:17]} c6 {[%emt 0:03:
50]} 20. Qb2 {[%emt 0:02:16]} Qb8 {[%emt 0:03:04]} 21. Nc5 {[%emt 0:08:25]} Bf7
{[%emt 0:03:29]} 22. Nxd7 {[%emt 0:12:50]} Rxd7 {[%emt 0:00:13]} 23. Bb6 {
[%emt 0:00:15]} Qc8 {[%emt 0:00:30]} 24. Rd2 {[%emt 0:00:40]} Bd8 {[%emt 0:00:
52]} 25. Bc5 {[%emt 0:01:14]} Bc7 {[%emt 0:01:01]} 26. e3 {[%emt 0:02:20]} Rxd2
{[%emt 0:01:41]} 27. Qxd2 {[%emt 0:00:02]} Rd8 {[%emt 0:00:05]} 28. Qe2 {
[%emt 0:01:30]} Qd7 {[%emt 0:00:15]} 29. Bd4 {[%emt 0:00:23]} a5 {[%emt 0:01:
25]} 30. Bf3 {[%emt 0:01:18]} Bd5 {[%emt 0:02:33]} 31. Bxd5+ {[%emt 0:01:25]}
Qxd5 {[%emt 0:00:47]} 32. Qc4 {[%emt 0:01:19]} axb4 {[%emt 0:01:44]} 33. Qxb4 {
[%emt 0:00:46]} b6 {[%emt 0:00:48]} 34. Bxb6 {[%emt 0:02:37]} Rb8 {[%emt 0:00:
59]} 35. Bxc7 {[%emt 0:00:03]} Rxb4 {[%emt 0:00:06]} 36. axb4 {[%emt 0:00:03]}
Qd2 {[%emt 0:02:47]} 37. Rb1 {[%emt 0:00:44]} Kf7 {[%emt 0:00:05]} 38. Bb6 {
[%emt 0:00:37]} Ke6 {[%emt 0:00:18]} 39. Bc5 {[%emt 0:00:49]} Kf5 {[%emt 0:00:
22]} 40. f3 {[%emt 0:00:15]} h5 {[%emt 0:00:36]} 41. Rf1 {[%emt 0:04:00]} g5
42. Rf2 {[%emt 0:01:36]} Qc3 {[%emt 0:01:36]} 43. Kg2 {[%emt 0:00:40]} Kg6 {
[%emt 0:00:28]} 44. h4 {[%emt 0:19:43]} Qc4 {[%emt 0:02:09]} 45. Kh3 {[%emt 0:
00:40]} Qc1 {[%emt 0:00:32]} 46. Kg2 {[%emt 0:01:32]} Kf5 {[%emt 0:02:02]} 47.
Bd4 {[%emt 0:02:39]} gxh4 {[%emt 0:03:10]} 48. gxh4 {[%emt 0:00:04]} Qc4 {
[%emt 0:00:03]} 49. Rb2 {[%emt 0:00:35]} Ke6 {[%emt 0:00:18]} 50. Kg3 {[%emt 0:
02:07]} f5 {[%emt 0:00:20]} 51. Bc5 {[%emt 0:00:57]} Ke5 {[%emt 0:00:29]} 52.
Bd4+ {[%emt 0:00:41]} Kd5 {[%emt 0:00:27]} 53. Bc5 {[%emt 0:01:24]} Qc1 {
[%emt 0:00:18]} 54. Rg2 {[%emt 0:01:04]} Qe1+ {[%emt 0:00:19]} 55. Kh3 {
[%emt 0:00:13]} Kc4 {[%emt 0:01:52]} 56. Rg5 {[%emt 0:00:39]} Qh1+ {[%emt 0:05:
33]} 57. Kg3 {[%emt 0:00:15]} Qe1+ {[%emt 0:00:04]} 58. Kh3 {[%emt 0:00:24]}
Qh1+ {[%emt 0:00:40]} 59. Kg3 {[%emt 0:00:03]} 1/2-1/2

[Event "European School Championships"]
[Site "Rhodes, Greece"]
[Date "2022.04.22"]
[Round "2.3"]
[White "Kostov, Kiril"]
[Black "Whelan, Joseph"]
[Result "1-0"]
[WhiteElo "2056"]
[BlackElo "1488"]
[PlyCount "63"]
[EventDate "2022.04.21"]
[EventRounds "9"]

1. e4 {[%emt 0:00:01]} e6 {[%emt 0:00:07]} 2. Nf3 {[%emt 0:00:03]} Nc6 {
[%emt 0:00:17]} 3. d4 {[%emt 0:00:54]} d6 {[%emt 0:01:34]} 4. c3 {[%emt 0:17:
34]} Nf6 {[%emt 0:05:26]} 5. Bd3 {[%emt 0:00:46]} e5 {[%emt 0:01:49]} 6. h3 {
[%emt 0:02:28]} exd4 {[%emt 0:03:05]} 7. cxd4 {[%emt 0:00:34]} d5 {[%emt 0:01:
16]} 8. e5 {[%emt 0:06:27]} Ne4 {[%emt 0:00:32]} 9. a3 {[%emt 0:07:18]} Bf5 {
[%emt 0:03:28]} 10. Qc2 {[%emt 0:04:26]} Be7 {[%emt 0:02:43]} 11. O-O {[%emt 0:
03:54]} Qd7 {[%emt 0:01:59]} 12. Nc3 {[%emt 0:01:31]} O-O-O {[%emt 0:15:07]}
13. Be3 {[%emt 0:08:14]} Qe6 {[%emt 0:03:30]} 14. Nxe4 {[%emt 0:11:47]} Bxe4 {
[%emt 0:01:28]} 15. Bxe4 {[%emt 0:00:23]} dxe4 {[%emt 0:00:09]} 16. Qxe4 {
[%emt 0:00:14]} f5 {[%emt 0:00:40]} 17. Qc2 {[%emt 0:05:03]} Rhg8 {[%emt 0:01:
34]} 18. Rac1 {[%emt 0:11:02]} g5 {[%emt 0:00:36]} 19. d5 {[%emt 0:00:30]} Rxd5
{[%emt 0:01:49]} 20. Nd4 {[%emt 0:00:05]} Qxe5 {[%emt 0:02:22]} 21. Nxc6 {
[%emt 0:00:28]} bxc6 {[%emt 0:00:13]} 22. Qxc6 {[%emt 0:00:29]} Bd6 {[%emt 0:
00:45]} 23. Rfd1 {[%emt 0:01:15]} Qh2+ {[%emt 0:01:56]} 24. Kf1 {[%emt 0:00:03]
} Rxd1+ {[%emt 0:00:29]} 25. Rxd1 {[%emt 0:00:06]} Rd8 {[%emt 0:01:13]} 26.
Bxg5 {[%emt 0:00:26]} Rf8 {[%emt 0:03:54]} 27. f4 {[%emt 0:01:45]} Rf6 {
[%emt 0:17:19]} 28. Bxf6 {[%emt 0:01:10]} Qxf4+ {[%emt 0:00:37]} 29. Qf3 {
[%emt 0:00:10]} Qc4+ {[%emt 0:00:19]} 30. Kg1 {[%emt 0:00:17]} Qe6 {[%emt 0:00:
28]} 31. Bc3 {[%emt 0:00:51]} Qg6 {[%emt 0:00:04]} 32. Bb4 {[%emt 0:00:54]} 1-0

[Event "European School Championships"]
[Site "Rhodes, Greece"]
[Date "2022.04.23"]
[Round "3.1"]
[White "Andreev, Konstantin"]
[Black "Kostov, Kiril"]
[Result "1-0"]
[WhiteElo "2176"]
[BlackElo "2056"]
[PlyCount "61"]
[EventDate "2022.04.21"]
[EventRounds "9"]

1. e4 {[%emt 0:00:39]} c5 {[%emt 0:00:09]} 2. Nf3 {[%emt 0:00:15]} d6 {[%emt 0:
00:06]} 3. d4 {[%emt 0:00:04]} cxd4 {[%emt 0:00:04]} 4. Nxd4 {[%emt 0:00:08]}
Nf6 {[%emt 0:00:06]} 5. Nc3 {[%emt 0:00:04]} a6 {[%emt 0:00:05]} 6. Be2 {
[%emt 0:00:20]} Nbd7 {[%emt 0:01:37]} 7. f4 {[%emt 0:00:17]} e6 {[%emt 0:00:58]
} 8. g4 {[%emt 0:00:21]} Nc5 {[%emt 0:17:23]} 9. Bf3 {[%emt 0:06:03]} e5 {
[%emt 0:09:38]} 10. Nf5 {[%emt 0:01:37]} Bxf5 {[%emt 0:11:45]} 11. gxf5 {
[%emt 0:09:49]} Qc7 {[%emt 0:18:19]} 12. Qe2 {[%emt 0:09:08]} Ncd7 {[%emt 0:02:
41]} 13. Be3 {[%emt 0:01:23]} O-O-O {[%emt 0:02:39]} 14. O-O-O {[%emt 0:00:42]}
Be7 {[%emt 0:07:45]} 15. Qg2 {[%emt 0:03:03]} Rhg8 {[%emt 0:03:24]} 16. Kb1 {
[%emt 0:04:06]} Kb8 {[%emt 0:03:41]} 17. Qf2 {[%emt 0:07:04]} Rc8 {[%emt 0:02:
03]} 18. Na4 {[%emt 0:05:41]} Qc6 {[%emt 0:03:23]} 19. b3 {[%emt 0:00:22]} b5 {
[%emt 0:03:26]} 20. Nb2 {[%emt 0:01:24]} Nc5 {[%emt 0:04:20]} 21. Bxc5 {
[%emt 0:01:34]} dxc5 {[%emt 0:03:18]} 22. fxe5 {[%emt 0:01:27]} Nxe4 {[%emt 0:
01:44]} 23. Qe3 {[%emt 0:00:20]} Nc3+ {[%emt 0:03:15]} 24. Qxc3 {[%emt 0:00:05]
} Qb6 {[%emt 0:00:02]} 25. Rd7 {[%emt 0:00:28]} Rc7 {[%emt 0:00:42]} 26. Rhd1
Rgc8 {[%emt 0:00:21]} 27. Qd3 {[%emt 0:00:37]} c4 {[%emt 0:02:35]} 28. Qe4 {
[%emt 0:01:31]} Rc6 {[%emt 0:01:29]} 29. Rxe7 {[%emt 0:00:58]} cxb3 {[%emt 0:
00:18]} 30. axb3 {[%emt 0:00:19]} Qf2 {[%emt 0:01:57]} 31. Rdd7 {[%emt 0:00:44]
} 1-0